[Event "Open A"]
[Site "Dortmund, Germany"]
[Date "2024.08.10"]
[Round "1.20"]
[White "Erofeev, Anastasia"]
[Black "Stelmaszyk, Nico"]
[Result "0-1"]
[WhiteElo "2030"]
[BlackElo "2380"]
[PlyCount "78"]
[EventDate "2024.??.??"]

1. d4 {[%emt 0:00:02]} Nf6 {[%emt 0:00:23]} 2. c4 {[%emt 0:00:19]} e6 {[%emt 0:00:06]} 3. Nc3 {[%emt 0:00:46]} Bb4 {[%emt 0:00:13]} 4. Qc2 {[%emt 0:00:42]} b6 {[%emt 0:00:18]} 5. e4 {[%emt 0:01:47]} c5 {[%emt 0:00:06]} 6. Nf3 {[%emt 0:04:08]} cxd4 {[%emt 0:14:28]} 7. Nxd4 {[%emt 0:00:19]} Nc6 {[%emt 0:04:08]} 8. Nf3 {[%emt 0:13:36]} d6 {[%emt 0:05:03]} 9. Bd3 {[%emt 0:02:40]} O-O {[%emt 0:15:43]} 10. O-O {[%emt 0:00:57]} Bc5 {[%emt 0:02:49]} 11. Qe2 {[%emt 0:08:40]} e5 {[%emt 0:10:42]} 12. Bg5 {[%emt 0:10:12]} h6 {[%emt 0:07:43]} 13. Be3 {[%emt 0:11:20]} Bg4 {[%emt 0:03:45]} 14. Bxc5 {[%emt 0:08:19]} dxc5 {[%emt 0:06:06]} 15. Qe3 {[%emt 0:01:01]} Bxf3 {[%emt 0:01:21]} 16. Qxf3 {[%emt 0:01:55]} Qd6 {[%emt 0:00:40]} 17. h3 {[%emt 0:06:22]} Rad8 {[%emt 0:02:05]} 18. Rad1 {[%emt 0:00:49]} Nd4 {[%emt 0:01:49]} 19. Qe3 {[%emt 0:00:34]} Nh5 {[%emt 0:02:18]} 20. g3 {[%emt 0:05:51]} Rd7 {[%emt 0:05:55]} 21. Nd5 {[%emt 0:05:10]} Nf6 {[%emt 0:00:51]} 22. Nc3 {[%emt 0:00:50]} Qe6 {[%emt 0:01:00]} 23. Kh2 {[%emt 0:01:49]} Rfd8 {[%emt 0:02:04]} 24. Nd5 {[%emt 0:02:01]} Nxd5 {[%emt 0:01:27]} 25. exd5 {[%emt 0:00:31]} Qd6 {[%emt 0:00:36]} 26. Rde1 {[%emt 0:03:26]} f5 {[%emt 0:01:03]} 27. f3 {[%emt 0:02:11]} Re7 {[%emt 0:01:25]} 28. Qc1 {[%emt 0:04:31]} Rde8 {[%emt 0:00:20]} 29. Qb1 {[%emt 0:00:10]} g6 {[%emt 0:00:37]} 30. Kg2 {[%emt 0:00:37]} Kg7 {[%emt 0:04:28]} 31. g4 {[%emt 0:02:14]} Qf6 {[%emt 0:00:08]} 32. Bc2 {[%emt 0:00:24]} f4 {[%emt 0:02:33]} 33. Be4 {[%emt 0:02:14]} Qh4 {[%emt 0:00:08]} 34. Qd3 {[%emt 0:00:21]} Qg3+ {[%emt 0:00:15]} 35. Kh1 {[%emt 0:00:02]} Qxh3+ {[%emt 0:00:36]} 36. Kg1 Qg3+ {[%emt 0:00:14]} 37. Kh1 {[%emt 0:00:02]} h5 {[%emt 0:00:52]} 38. gxh5 {[%emt 0:01:06]} Qh4+ {[%emt 0:00:44]} 39. Kg2 {[%emt 0:00:17]} Qg5+ {[%emt 0:00:05]} 0-1